Driving sustainability to business success : (Record no. 110585)
[ view plain ]
| 000 -LEADER | |
|---|---|
| fixed length control field | 00722cam a2200217 i 4500 |
| 001 - CONTROL NUMBER | |
| control field | 18207009 |
| 005 - DATE AND TIME OF LATEST TRANSACTION | |
| control field | 20190131100302.0 |
| 008 - FIXED-LENGTH DATA ELEMENTS--GENERAL INFORMATION | |
| fixed length control field | 140630s2015 njua b 001 0 eng |
| 020 ## - INTERNATIONAL STANDARD BOOK NUMBER | |
| International Standard Book Number | 9781118356937 (hardback) |
| 040 ## - CATALOGING SOURCE | |
| Transcribing agency | PK-LaUMT |
| 082 00 - DEWEY DECIMAL CLASSIFICATION NUMBER | |
| Classification number | 658.408 |
| Edition number | 23 |
| Item number | PIL-D |
| 100 1# - MAIN ENTRY--PERSONAL NAME | |
| Personal name | Pilot, Jayne |
| 245 10 - TITLE STATEMENT | |
| Title | Driving sustainability to business success : |
| Remainder of title | the DS factor management system integration and automation / |
| Statement of responsibility, etc | Jayne Pilot |
| 260 ## - PUBLICATION, DISTRIBUTION, ETC. (IMPRINT) | |
| Place of publication, distribution, etc | Hoboken : |
| Name of publisher, distributor, etc | John Wiley, |
| Date of publication, distribution, etc | 2015 |
| 300 ## - PHYSICAL DESCRIPTION | |
| Extent | xv, 350 p. : |
| Other physical details | illustrations ; |
| Dimensions | 23 cm. |
| 490 0# - SERIES STATEMENT | |
| Series statement | Wiley corporate F&A series |
| 650 #0 - SUBJECT ADDED ENTRY--TOPICAL TERM | |
| Topical term or geographic name as entry element | Organizational effectiveness. |
| 650 #0 - SUBJECT ADDED ENTRY--TOPICAL TERM | |
| Topical term or geographic name as entry element | Management. |
| 650 #7 - SUBJECT ADDED ENTRY--TOPICAL TERM | |
| Topical term or geographic name as entry element | BUSINESS & ECONOMICS / Accounting / General. |
| 942 ## - ADDED ENTRY ELEMENTS (KOHA) | |
| Koha item type | Books |
| Withdrawn status | Lost status | Damaged status | Home library | Current library | Date acquired | Full call number | Barcode | Date last seen | Price effective from | Koha item type |
|---|---|---|---|---|---|---|---|---|---|---|
| UMT Main Campus | UMT Main Campus | 2019-01-31 | 658.408 PIL-D | 128177 | 2019-01-31 | 2019-01-31 | Books |
